| 000 | 00573nam a2200169 i 4500 | ||
|---|---|---|---|
| 001 | 21012 | ||
| 003 | ES-MaACL | ||
| 005 | 20230906152413.0 | ||
| 007 | t| | ||
| 008 | 021120s1894 sp ||||1| spa d | ||
| 100 | 1 |
_aAlas, Genaro. _919154 |
|
| 245 | 1 | 4 |
_aLas aguas potables para el campo y plaza de Gibraltar / _cGenaro Alas. |
| 260 |
_aMadrid : _b[s.n.], _c1894 ( _fHijos de M.G. Hernández) |
||
| 300 |
_a33 p. ; _c21 cm. |
||
| 650 | 4 |
_aAgua- _xAbastecimiento- _zGibraltar. _9157072 |
|
| 852 |
_aES-MaACL _jT-848-F-1 _z.- Enc. en un vol. facticio conservando la enc. original |
||
| 999 |
_c21012 _d21012 |
||